000 00372nam a2200145Ia 4500
008 230312s9999||||xx |||||||||||||| ||und||
082 _a615.107
_bMAQ
100 _aMaqsood Ahmad Cheema
245 0 _aText Book of Pharmacology and Therapeutics
260 _bNational Medical Publication
_c2010
300 _a419
546 _aEng.
650 _aPhysioTherapy
942 _cBK
999 _c3695
_d3695